Eastern Utah Libraries Catalog: Duchesne, Heber, Roosevelt, & Vernal

My dad is amazing / (Record no. 320538)

MARC details
000 -LEADER
fixed length control field 02816cam a2200709Ii 4500
001 - CONTROL NUMBER
control field on1000583429
003 - CONTROL NUMBER IDENTIFIER
control field OCoLC
005 - DATE AND TIME OF LATEST TRANSACTION
control field 20200320221229.0
008 - FIXED-LENGTH DATA ELEMENTS--GENERAL INFORMATION
fixed length control field 170814t20182018nyua j 000 1 eng d
015 ## - NATIONAL BIBLIOGRAPHY NUMBER
National bibliography number GBB856763
Source bnb
016 7# - NATIONAL BIBLIOGRAPHIC AGENCY CONTROL NUMBER
Record control number 018805631
Source Uk
020 ## - INTERNATIONAL STANDARD BOOK NUMBER
International Standard Book Number 9781419729614
Qualifying information (board book)
020 ## - INTERNATIONAL STANDARD BOOK NUMBER
International Standard Book Number 1419729616
Qualifying information (board book)
029 1# - (OCLC)
OCLC library identifier AU@
System control number 000062155760
029 1# - (OCLC)
OCLC library identifier AU@
System control number 000062161749
029 1# - (OCLC)
OCLC library identifier UKMGB
System control number 018805631
035 ## - SYSTEM CONTROL NUMBER
System control number (OCoLC)1000583429
040 ## - CATALOGING SOURCE
Original cataloging agency BTCTA
Language of cataloging eng
Description conventions rda
Transcribing agency BTCTA
Modifying agency BDX
-- CLE
-- T7X
-- QS5
-- IHX
-- NYP
-- OCLCF
-- IGA
-- UKMGB
-- PRSPR
-- MPLBT
-- OCL
-- MG0
-- OCLCO
-- PX0
-- KP1
-- OCLCO
-- WACOL
049 ## - LOCAL HOLDINGS (OCLC)
Holding library WACL
050 #4 - LIBRARY OF CONGRESS CALL NUMBER
Classification number PZ7.1.M73
Item number My 2018
082 04 - DEWEY DECIMAL CLASSIFICATION NUMBER
Classification number [E]
Edition number 23
092 ## - LOCALLY ASSIGNED DEWEY CALL NUMBER (OCLC)
Classification number Childrens
Item number Moy
100 1# - MAIN ENTRY--PERSONAL NAME
Personal name Moyle, Sabrina,
Relator term author.
9 (RLIN) 6006826
245 10 - TITLE STATEMENT
Title My dad is amazing /
Statement of responsibility, etc story by Sabrina Moyle ; pictures by Eunice Moyle.
264 #1 - Production, Publication, Distribution, Manufacture, and Copyright Notice.
Place of production, publication, distribution, manufacture New York, NY :
Name of producer, publisher, distributor, manufacturer Abrams Appleseed, an imprint of ABRAMS,
Date of production, publication, distribution, manufacture, or copyr [2018]
264 #4 - Production, Publication, Distribution, Manufacture, and Copyright Notice.
Date of production, publication, distribution, manufacture, or copyr ©2018
300 ## - PHYSICAL DESCRIPTION
Extent 1 volume (unpaged) :
Other physical details color illustrations ;
Dimensions 18 cm
336 ## - Content Type
Content type term text
336 ## - Content Type
Content type term still image
337 ## - Media type
Media type term unmediated
338 ## - Carrier type
Carrier type term volume
500 ## - GENERAL NOTE
General note Title from cover.
500 ## - GENERAL NOTE
General note On board pages.
520 ## - SUMMARY, ETC.
Summary, etc This board book salutes some things that make dad amazing.
521 8# - TARGET AUDIENCE NOTE
Target audience note Ages 2-4.
521 ## - TARGET AUDIENCE NOTE
Target audience note children
Source MicroMarketing
650 #0 - SUBJECT ADDED ENTRY--TOPICAL TERM
Topical term or geographic name as entry element Fathers
Form subdivision Juvenile fiction.
9 (RLIN) 5674930
650 #1 - SUBJECT ADDED ENTRY--TOPICAL TERM
Topical term or geographic name as entry element Fathers
Form subdivision Fiction.
9 (RLIN) 5676167
650 #0 - SUBJECT ADDED ENTRY--TOPICAL TERM
Topical term or geographic name as entry element Board books.
9 (RLIN) 6006827
650 #7 - SUBJECT ADDED ENTRY--TOPICAL TERM
Topical term or geographic name as entry element Board books.
Source of heading or term fast
-- (OCoLC)fst01202255
9 (RLIN) 6006827
650 #7 - SUBJECT ADDED ENTRY--TOPICAL TERM
Topical term or geographic name as entry element Fathers.
Source of heading or term fast
-- (OCoLC)fst00921865
9 (RLIN) 6006828
650 #7 - SUBJECT ADDED ENTRY--TOPICAL TERM
Topical term or geographic name as entry element JUVENILE FICTION / Family / Parents.
Source of heading or term bisacsh
9 (RLIN) 5675880
650 #7 - SUBJECT ADDED ENTRY--TOPICAL TERM
Topical term or geographic name as entry element JUVENILE FICTION / Humorous Stories.
Source of heading or term bisacsh
9 (RLIN) 5685987
650 #7 - SUBJECT ADDED ENTRY--TOPICAL TERM
Topical term or geographic name as entry element JUVENILE FICTION / Imagination & Play.
Source of heading or term bisacsh
9 (RLIN) 5717453
650 #4 - SUBJECT ADDED ENTRY--TOPICAL TERM
Topical term or geographic name as entry element Board books.
9 (RLIN) 6006827
650 #4 - SUBJECT ADDED ENTRY--TOPICAL TERM
Topical term or geographic name as entry element Yeti
Form subdivision Juvenile fiction.
9 (RLIN) 5688043
655 #7 - INDEX TERM--GENRE/FORM
Genre/form data or focus term Picture books.
Source of term fast
-- (OCoLC)fst01726789
9 (RLIN) 6006829
655 #7 - INDEX TERM--GENRE/FORM
Genre/form data or focus term Fiction.
Source of term fast
-- (OCoLC)fst01423787
9 (RLIN) 5673940
655 #7 - INDEX TERM--GENRE/FORM
Genre/form data or focus term Juvenile works.
Source of term fast
-- (OCoLC)fst01411637
9 (RLIN) 5673941
655 #4 - INDEX TERM--GENRE/FORM
Genre/form data or focus term Picture books.
9 (RLIN) 6006829
655 #0 - INDEX TERM--GENRE/FORM
Genre/form data or focus term Board books.
9 (RLIN) 6006830
655 #7 - INDEX TERM--GENRE/FORM
Genre/form data or focus term Children's stories
Form subdivision Pictorial works.
Source of term gsafd
9 (RLIN) 5677077
655 #7 - INDEX TERM--GENRE/FORM
Genre/form data or focus term Picture books.
Source of term lcgft
9 (RLIN) 6006829
700 1# - ADDED ENTRY--PERSONAL NAME
Personal name Moyle, Eunice,
Relator term illustrator.
9 (RLIN) 6006831
938 ## -
-- Brodart
-- BROD
-- 120567482
938 ## -
-- Baker and Taylor
-- BTCP
-- BK0021392313
942 ## - ADDED ENTRY ELEMENTS (KOHA)
Koha item type BOOK
948 ## - LOCAL PROCESSING INFORMATION (OCLC); SERIES PART DESIGNATOR (RLIN)
Series part designator, SPT (RLIN) 07/19/2019
z (OCLC) Sirsi
994 ## -
-- C0
-- WACOL
996 ## -
-- 167973
-- 34301001635368
-- EBB
-- bbk
-- wcl
-- i
-- 9
-- 7.99
-- MicroMarketing
-- Moy
-- 07/19/2019
-- 03/03/2020
-- 02/27/2020
996 ## -
-- 167973
-- 34301001636093
-- EBB
-- bbk
-- wcl
-- o
-- 11
-- 7.99
-- Penworthy
-- Moy
-- 08/15/2019
-- 02/13/2020
-- 02/25/2020
Holdings
Withdrawn status Lost status Source of classification or shelving scheme Damaged status Not for loan Collection code Home library Current library Shelving location Date acquired Source of acquisition Cost, normal purchase price Total Checkouts Total Renewals Full call number Barcode Checked out Date last seen Date checked out Cost, replacement price Price effective from Koha item type
  Long Overdue (Lost) Dewey Decimal Classification     Children Board Books Wasatch County Library Wasatch County Library Main Floor Childrens Area 07/19/2019   7.99 51 28 BB Moy 34301001635368 03/21/2025 01/23/2025 01/23/2025 7.99 03/20/2020 BOOK
This project was made possible through a grant from the Institute of Museum and Library Service administered by the Utah State Library Division.

Wasatch County Library

  • 465 East 1200 South, Heber City, Utah 84032
  • Phone 435-654-1511 | Fax 435-654-6456

Hours

  • Monday - Friday 9:30 AM - 8:00 PM
  • Saturday 9:30 AM - 1:30 PM
  • Closed Sundays and Holidays